01721 a2200181 45000010006000000050017000060080041000230030015000640400040000790800076001192450024001952640035002193000019002545051192002731000028014657000019014937000027015123971720260407155654.0260407a1962 arg spa dAR-UNSa-BCEJYS aAR-UNSa-BCEJYSbspacAR-UNSa-BCEJYS a910xGeneralidades. La geografía como ciencia. Exploraciones. Viajes 10aGeografía General 1aBuenos Aires :bKapeluszc1962 a199 p.c24 cm. aParte I: Geografía física : 1. La tierra en el Universo - 2. La orientación - 3. El día, la noche y la hora - 4. Las estaciones - 5. Las cartas geografícas - 6. Las rosas - 7. La construcción del relieve - 8. Volcanes y temblores de tierra - 9. La destrucción del relieve - 10. Los cursos de agua - 11. Glaciares y lagos - 12. Mares y océanos - 13. Las cosas - 14. El clima: temperatura y vientos - 15. Lluvias y climas - Parte II: La vida en la superficie del globo : 16. Vegetales y animales - 17. Las grandes zonas de vida - 18. Los hombres en los países cálidos - 19. Los hombres en los países secos - 20. Los hombresen los países fríos - 21. Los hombres en las regiones templadas - 22. Casas y pueblos de ls regiones templadas - 22. Casas y pueblos de las regiones templadas - 23. Las ciudades - 24. La producción de materia primas - 25. Artesanías e industria - 26. La circulación - Parte III: Las grandes etapas en el descubrimiento de la tierra: 27. El hombre en el universo - 28. El descubrimiento de la Tierra en la antigúedad y en la edad media - 29. El descubrimiento de la Tierra entre los siglos XVI y XIX - 30. Las expediciones modernas.1 aPerpillou, Aime Vincent1 aPernet, Lucien1 aRampa, Alfredo César